Marketingové stratégie Sabinovskej odevnej spoločnosti, s.r.o., na trhu Českej republiky diplomová práca

Saved in:
Bibliographic Details
Main Author: Bolcsházyová, Zuzana
Corporate Author: Podnikovohospodárska fakulta EU so sídlom v Košiciach. Katedra marketingu a obchodu
Other Authors: Petrovčiková, Katarína, 1977-
Format: Book
Language:Slovak
Published: Košice 2008
Tags: Add Tag
No Tags, Be the first to tag this record!

MARC

LEADER 00000nam$a2200000$$$4500
001 0079933
005 20240201115535.5
041 0 |a slo 
044 |a SK 
245 1 0 |a Marketingové stratégie Sabinovskej odevnej spoločnosti, s.r.o., na trhu Českej republiky  |b diplomová práca  |c Zuzana Bolcsházyová ; škol. Katarína Petrovčíková 
264 1 |a Košice  |c 2008 
300 |a 77 s. 
100 1 |a Bolcsházyová, Zuzana 
700 1 |a Petrovčiková, Katarína, 1977- 
710 2 |a Podnikovohospodárska fakulta EU so sídlom v Košiciach. Katedra marketingu a obchodu